التصوف / (رقم التسجيلة. 32409)

تفاصيل مارك
000 -LEADER
fixed length control field 00630nam a22002057a 4500
005 - DATE AND TIME OF LATEST TRANSACTION
control field 20251108165830.0
008 - FIXED-LENGTH DATA ELEMENTS--GENERAL INFORMATION
fixed length control field 250721s1984 xx 000 0 ara d
082 14 - DEWEY DECIMAL CLASSIFICATION NUMBER
Classification number ط/218.9/ماس
100 1# - MAIN ENTRY--PERSONAL NAME
Personal name عبد الرزاق، مصطفى
245 10 - TITLE STATEMENT
Title التصوف /
264 1# - PRODUCTION, PUBLICATION, DISTRIBUTION, MANUFACTURE, AND COPYRIGHT NOTICE
Place of production, publication, distribution, manufacture بيروت :
Name of producer, publisher, distributor, manufacturer مكتبة المدرسة،
Date of production, publication, distribution, manufacture, or copyright notice 1984.
300 ## - PHYSICAL DESCRIPTION
Extent 132ص0
490 0# - SERIES STATEMENT
Series statement كتب دائرة المعارف الاسلامية،16
650 17 - SUBJECT ADDED ENTRY--TOPICAL TERM
Topical term or geographic name as entry element الصوفية
700 1# - ADDED ENTRY--PERSONAL NAME
Personal name خورشيد، إبراهيم
Relator term تلرجمة
700 1# - ADDED ENTRY--PERSONAL NAME
Personal name يونس، عبد الحميد
700 1# - ADDED ENTRY--PERSONAL NAME
Personal name عثمان، حسن
942 ## - ADDED ENTRY ELEMENTS (KOHA)
Source of classification or shelving scheme Dewey Decimal Classification
Koha item type كتب
المقتنيات
حالة السحب حالة الفقدان مصدر التصنيف حالة التلف غير قابل للإعارة المكتبة الرئيسية المكتبة الحالية موقع الرف تاريخ التزويد الرقم المتسلسل Total Checkouts رقم الإستدعاء الباركود تاريخ آخر ظهور تاريخ الفاتورة نوع المادة (كوها)
    Dewey Decimal Classification     مكتبة صويلح العامة مكتبة صويلح العامة الأطفال 07/07/2015 [2652   ط/218.9/ماس PLD00338709 28/07/2025 07/07/2015 كتب
Implemented & Customized by: BBB with SCIT (Smart Chains for Information Technology)

Powered by Koha